000 00971nam a2200277Ia 4500
003 OSt
005 20221005103808.0
006 a|||||r|||| 00| 0
007 ta
008 221004b |||||||| |||| 00| 0 hin d
020 _a9789382543145 (hbk)
_cINR 250.00
024 _a37325
037 _b63, 13/03/2018, P. K. Books
_cTextual
040 _aCRL
_cCRL
_bhin
041 _2hin
_ahin
082 _aO152,2NMA,KK, Q7
100 _aमलिक, कुसुमलता, ले.
245 0 _aकारा कुन्ती की
246 _aKārā kuntī kī
260 _aदिल्ली
_bईशा ज्ञानदीप भारत
_c2017
300 _a95पृ0
_ccm.
650 _a हिन्दी नाटक
650 _aहिन्दी साहित्य
942 _hO152,2NMA,KK, Q7
_cTEXL
_2cc
999 _c1010936
_d1010936